Famous Daniels Quiz Stats

Quiz Updated Feb 17, 2012

Challenge
Share
Tweet
Embed
Score 0/22 Timer 06:00
1 Play Today
Known For Name % Correct
Author of the Da Vinci Code and Angels and DemonsDan Brown
76.2%
This Harry Potter star showed off more than his acting on stage in EquusDaniel Radcliffe
76%
These days he also goes by Bond, James BondDaniel Craig
70.6%
Miami Dolphins Hall of Fame quarterbackDan Marino
69.9%
Lethal Weapon actor who is too old for this ....Danny Glover
65.6%
American pioneer and folk heroDaniel Boone
62.9%
Former news anchor for the CBS Evening NewsDan Rather
59.3%
Louie De Palma from TaxiDanny DeVito
56.3%
44th Vice President of the US - may or may not know how to spell potatoDan Quayle
56.2%
He won Oscars for portraying Christy Brown and Daniel PlainviewDaniel Day-Lewis
53.8%
Don't cross streams with this Ghostbusters actorDan Aykroyd
48%
Known For Name % Correct
Grease character famously played by John TravoltaDanny Zuko
42.5%
Author of Robinson CrusoeDaniel Defoe
35.8%
Actor who played Danny Partridge on The Partridge FamilyDanny Bonaduce
30.8%
Former ESPN anchor who now writes for Sports IllustratedDan Patrick
27.3%
Director of 28 Days Later and Slumdog MillionareDanny Boyle
25.8%
Oingo Boingo singer and favorite composer of Tim BurtonDanny Elfman
24.5%
This City Slickers actor narrated The Wonder YearsDaniel Stern
24%
American statesman and attorney known to litigate against SatanDaniel Webster
19.6%
Emmy-winning voice of Homer SimpsonDan Castellaneta
19.5%
The 79th and 83rd president of NicaraguaDaniel Ortega
18.5%
Star from The Jazz Singer and Make Room for DaddyDanny Thomas
15.5%

You're not logged in!

Compare scores with friends on all Sporcle quizzes.
Join for Free
OR
Log In

You Might Also Like...

Show Comments

Extras

Top Quizzes Today


Score Distribution

Your Account Isn't Verified!

In order to create a playlist on Sporcle, you need to verify the email address you used during registration. Go to your Sporcle Settings to finish the process.

Report this User

Report this user for behavior that violates our Community Guidelines.

Details: